000 00640 a2200205 4500
003 Nust
005 20221202183539.0
020 _a8176566527
040 _cNust
082 _a621.381528,BPB
100 _aVRT
_9104058
245 _aUp-to date world's transistors diodes- thyristors & IC's comparison tables
_b1N.....60,000....U VOLUME-2 /
_cVRT
250 _anew 2003 edition
260 _aBPB Publication
_bNew Delhi
_c2003
300 _a649 p
_billus
_c24 cm
505 _aComparison Table Reference Table (Page-2), Pin Assignments (Page-651).
600 _aVRT
_9104058
650 _aTelecommunication Engineering
942 _2ddc
_cBK
999 _c182322
_d182322